|
|
|
|
| LEADER |
01204nam a2200265 a 4500 |
| 001 |
3945210 |
| 008 |
090519s1994 maua b 001 0 eng d |
| 010 |
|
|
|a \\\93075000
|
| 020 |
|
|
|a 067469533X
|
| 040 |
|
|
|a DLC/MoSU-L
|c MoSU-L
|d DLC
|
| 082 |
0 |
0 |
|a 363.9/6
|2 21
|
| 245 |
0 |
0 |
|a Power and decision :
|b the social control of reproduction /
|c [edited by] Gita Sen, Rachel C. Snow.
|
| 260 |
|
|
|a Boston, Mass. :
|b Harvard Center for Population and Development Studies, Dept. of Population and International Health, Harvard School of Public Health :
|b Distributed by Harvard University Press,
|c c1994.
|
| 300 |
|
|
|a ii, 348 p. :
|b ill. ;
|c 23 cm.
|
| 490 |
|
0 |
|a Harvard series on population and international health
|
| 500 |
|
|
|a "March 1994."
|
| 504 |
|
|
|a Includes bibliographical references and index.
|
| 541 |
1 |
|
|e 00005711
|
| 650 |
|
0 |
|a Birth control
|x Social aspects.
|
| 650 |
|
0 |
|a Human reproduction
|x Social aspects.
|
| 700 |
1 |
|
|a Sen, Gita.
|
| 700 |
1 |
|
|a Snow, Rachel.
|
| 852 |
4 |
|
|a Ayesha Abed Library
|j Generalshelf
|
| 999 |
|
|
|c 874
|d 874
|
| 952 |
|
|
|0 0
|1 0
|2 ddc
|4 0
|6 363_960000000000000_POW_1994
|7 0
|8 NFIC
|9 813
|a BRACUL
|b BRACUL
|c GEN
|d 2009-05-19
|g 1410.00
|l 1
|o 363.96 POW
|p 3010005711
|r 2013-09-23
|s 2013-09-03
|t 1
|w 2009-05-19
|y BK
|